000 00754nam0a22002531 4500
001 rc\3914066
005 20250610125251.0
021 _aRU
_b[54-26936]
035 _a(NLR Aleph) 007910936
090 _a8097213
_c8097213
100 _a20130415d1954 |||y0rusy50 ca
101 1 _arus
_cbak
102 _aRU
105 _ay z |||a|
200 1 _aНа рассвете
_eСтихи
_fАвториз. пер. с башк. Я. Козловского
210 _aУфа
_cБашкир. кн. изд-во
_d1954
215 _a52 с.
_d17
700 1 _aБиккол
_bШ.
_f1924-
_gШариф
702 1 _aКозловский
_bЯ.
_4730
801 0 _aRU
_bNLR
_gpsbo
801 1 _aRU
_bELAR
_2rusmarc
852 _aNLR
_jЛ40 Г-2/1002
942 _cBOOK
980 _aNB